Majoring in psych? : (Record no. 4800)

MARC details
000 -LEADER
fixed length control field 00944cam a2200193 a 4500
020 ## - INTERNATIONAL STANDARD BOOK NUMBER
ISBN 9780205626854
020 ## - INTERNATIONAL STANDARD BOOK NUMBER
ISBN 0205626858
050 #4 - CALL NUMBER
Classification number BF76
Item number .M82
100 1# - AUTHOR
Personal name Morgan, Betsy Levonian.
245 10 - TITLE
Title Majoring in psych? :
Remainder of title career options for psychology undergraduates /
Statement of responsibility, etc Betsy Levonian Morgan, Ann J. Korschgen.
250 ## - EDITION
Edition statement 4th ed.
260 ## - PUBLICATION INFORMATION
Place of publication Boston, MA ;
-- Toronto :
Name of publisher Pearson Allyn & Bacon,
Year of publication c2009 [i.e. 2008].
300 ## - DESCRIPTION
Number of Pages 138 p. ;
Dimensions 23 cm.
500 ## - NOTES
General note Publication date on item is 2009.
505 0# - FORMATTED CONTENTS NOTE
Table of Content 1. Should I major in psychology? <br/>2. How can I be sure? <br/>3. What careers are available? <br/>4. How do I explore careers? <br/>5. How do I enhance my employability? <br/>6. Will I make any money? <br/>7. Should I go to graduate school? <br/>8. How do I prepare for graduate school? <br/>9. How do I do a job search? <br/>10. I have my job, now what?
650 #0 - SUBJECTS
Topical Term Psychology
General subdivision Vocational guidance.
700 1# - OTHER AUTHORS
Personal name Korschgen, Ann J.
942 ## - ADDED ENTRY ELEMENTS (KOHA)
Koha item type Books
Holdings
Withdrawn status Lost status Home library Current library Shelving location Date acquired Full call number Accession Number Koha item type
    Methodist University Library Main Methodist University Library Main General Stacks 17/01/2017 BF76 .M82 4351 Books
Copyright © 2026  MUG Library